000 00870nam a2200253Ia 4500
003 OSt
005 20220923222627.0
006 a|||||r|||| 00| 0
007 ta
008 220922b |||||||| |||| 00| 0 hin d
024 _a206,591
037 _cTextual
040 _aARTS
_cARTS
_bhin
041 _2hin
_ahin
082 _aO152,6M48x, H7.1-.2
100 _aभट्ट; भट्ट, धनंजय, सरल, संपा.
_9167128
245 0 _aनिबंध माला
246 _aNibandha mālā
260 _aकाशी
_b नागरी प्रचारिणी सभा
_c1947
300 _a155पृ.
_ccm.
650 _aहिन्दी साहित्य
_9156264
942 _hO152,6M48x, H7.1-.2
_cTEXL
_2CC
999 _c357233
_d357233